000 00871nam a2200265Ia 4500
003 OSt
005 20221005111930.0
006 a|||||r|||| 00| 0
007 ta
008 221004b |||||||| |||| 00| 0 san d
024 _a32864
037 _cTextual
040 _aCRL
_cCRL
_bsan
041 _2san
_asan
082 _aO15,1F75, M1
100 _aहर्ष
245 0 _aनैषधीयचरितम्
246 _aNaiṣhadhīyacharitam
260 _aवाराणसी
_bचौखम्बा सुरभारती प्रकाशन भारत
_c1981
300 _a400पृ.
_ccm.
490 _aचौखम्बा सुरभारती ग्रन्थमाला; 13
650 _aसंस्कृत नाटक
942 _hO15,1F75, M1
_cTEXL
_2cc
999 _c1023343
_d1023343